Fundamentals of digital image processing / (Record no. 481)

MARC details
000 -LEADER
Fixed length control field 00532nam a2200181 4500
003 - CONTROL NUMBER IDENTIFIER
Control field SEACOMEC
005 - DATE AND TIME OF LATEST TRANSACTION
Control field 20241206125422.0
008 - FIXED-LENGTH DATA ELEMENTS--GENERAL INFORMATION
Fixed length control field 240115b |||||||| |||| 00| 0 eng d
020 ## - INTERNATIONAL STANDARD BOOK NUMBER / ISBN
Price Rs.225.00
International Standard Book Number 978-9332551916
040 ## - CATALOGING SOURCE
Original cataloging agency SEACOMEC
082 ## - DEWEY DECIMAL CLASSIFICATION NUMBER
Classification number 621.3167
Book Number J25
100 ## - MAIN ENTRY--PERSONAL NAME
Personal name Jain,Anil Kumar
245 1# - TITLE STATEMENT
Title Fundamentals of digital image processing /
Statement of responsibility Anil Kumar Jain
260 ## - IMPRINT
Place of publication Delhi
Name of publisher Pearson
Date of publication 2005
300 ## - PHYSICAL DESCRIPTION
Page / Vol. No 592 p
650 ## - SUBJECT ADDED ENTRY--TOPICAL TERM
Topical term Technology,Generation, modification, storage, transmission of electric power
942 ## - ADDED ENTRY ELEMENTS (KOHA)
Koha item type Books
Holdings
Withdrawn status Lost status Source of classification Damaged status Not for loan Home library Current library Date acquired Total Checkouts Call number Accession number Date last seen Copy number Price effective from Koha item type
    Dewey Decimal Classification     SEACOM ENGINEERING COLLEGE SEACOM ENGINEERING COLLEGE 05/06/2006   621.3167 J25 01589 15/01/2024 1 15/01/2024 Books
    Dewey Decimal Classification     SEACOM ENGINEERING COLLEGE SEACOM ENGINEERING COLLEGE 07/04/2008   621.3167 J25 10733 06/12/2024 1 06/12/2024 Books
    Dewey Decimal Classification     SEACOM ENGINEERING COLLEGE SEACOM ENGINEERING COLLEGE 07/04/2008   621.3167 J25 10734 06/12/2024 2 06/12/2024 Books
    Dewey Decimal Classification     SEACOM ENGINEERING COLLEGE SEACOM ENGINEERING COLLEGE 07/04/2008   621.3167 J25 10735 06/12/2024 3 06/12/2024 Books
    Dewey Decimal Classification     SEACOM ENGINEERING COLLEGE SEACOM ENGINEERING COLLEGE 07/04/2008   621.3167 J25 10736 06/12/2024 4 06/12/2024 Books
© Seacom Engineering College, All rights reserved.      Powered by Koha